Loading...
| Literature - British | 0 | 6 | 0 | 0 | 60 | 47 | 61.33 | 0 | 3 | 33.22 | 42.12 |
| Science - Chemistry | 0 | 6 | 1 | 1 | 55 | 76 | 96.67 | 0 | 0 | 9.06 | 18.71 |
| Literature - American | 0 | 5 | 0 | 0 | 50 | 30 | 79.40 | 2 | 4 | 21.72 | 43.18 |
| Literature - European | 0 | 4 | 0 | 0 | 40 | 74 | 93.25 | 1 | 2 | 13.75 | 27.80 |
| Fine Arts - Other | 0 | 3 | 0 | 0 | 30 | 67 | 96.33 | 1 | 2 | 7.17 | 18.33 |
| Literature - World | 0 | 3 | 0 | 0 | 30 | 54 | 73.00 | 1 | 3 | 13.65 | 21.67 |
| Fine Arts - Painting and Sculpture | 0 | 2 | 0 | 1 | 20 | 123 | 128.50 | 0 | 0 | 0.30 | 6.06 |
| Philosophy | 0 | 2 | 0 | 0 | 20 | 97 | 104.00 | 0 | 0 | 2.05 | 5.83 |
| Social Science | 0 | 1 | 0 | 0 | 10 | 111 | 111.00 | 0 | 0 | 0.83 | 5.83 |
| Fine Arts - Classical Music | 0 | 1 | 0 | 0 | 10 | 97 | 97.00 | 0 | 0 | 1.42 | 4.55 |
| History - European | 0 | 1 | 0 | 0 | 10 | 100 | 100.00 | 0 | 0 | 2.31 | 2.50 |
| History - Other | 0 | 1 | 0 | 0 | 10 | 107 | 107.00 | 0 | 0 | 0.93 | 5.00 |
| Mythology | 0 | 1 | 0 | 0 | 10 | 89 | 89.00 | 0 | 0 | 3.60 | 4.17 |
| Religion | 0 | 1 | 0 | 0 | 10 | 118 | 118.00 | 0 | 0 | 0.08 | 6.67 |
| Current Events | 0 | 1 | 0 | 0 | 10 | 80 | 80.00 | 0 | 1 | 16.67 | 37.50 |